Northern Ireland Football Premiership - Statistics

General Stats
  • This quiz has been taken 623 times
  • The average score is 12 of 24
Answer Stats
Team/Stadium % Correct
Linfield
94%
Glentoran
85%
Crusaders
82%
Cliftonville
78%
Ballymena
74%
Coleraine
71%
Glenavon
69%
Portadown
62%
Windsor Park
61%
Dungannon Swifts
56%
The Oval
54%
Warrenpoint Town
48%
Seaview
47%
Solitude
46%
Ballymena Showgrounds
43%
Coleraine Showgrounds
41%
Ballinamallard
38%
Institute
36%
Mourneview Park
29%
Shamrock Park
29%
Stangmore Park
19%
Ferney Park
17%
Milltown
14%
Drumahoe
10%
No matching quizzes found
Score Distribution
Percent of People with Each Score
Percentile by Number Answered
Your Score History
You have not taken this quiz